00395nam a22001337a 4500008004100000020001800041040005500059080002000114100001500134245003800149260004700187300001500234650001200249230504b |||||||| |||| 00| 0 eng d a81-004-0539-8 aNational Science LibrarycNational Science Library a543.42/.51 bN31 aKalsi, P S aSpectroscopy of organic compounds aNew Delhi: bWiley Eastern Limited, c1993 axii, 444p. aScience